Największe państwa w Ameryce Południowej - Statystyki

Ogólne statystyki
  • Ten quiz został rozwiązany 116 razy
  • Średni wynik to 5 z 5
Statystyki odpowiedzi
Powierzchnia Kraj % Poprawnych
2 780 000 km² Argentyna
99%
8 516 000 km² Brazylia
98%
1 142 000 km² Kolumbia
91%
1 285 000 km² Peru
91%
1 099 000 km² Boliwia
88%
Nie znaleziono quizów pasujących do podanych kryteriów
Rozkład punktacji
Procent ludzi z każdym wynikiem
Percentyl według liczby udzielonych odpowiedzi
Twoja historia wyników
Nie rozwiązałeś tego quizu